Obzretie sa za budúcnosťou vzdelávania ekonómov Ústav s kapacitou univerzity: za 5 rokov vyše 5000 absolventov
Hodnotenie činnosti Ústavu ďalšieho vzdelávania ekonómov za obdobie 5 rov od jeho založenia. Základné druhy vzdelávacích aktivít v oblasti ekonomického a manažérskeho vzdelávania. Organizovanie troch druhov základných aktivít. Organizovanie rekvalifikačných kurzov. Vzdelávacie podujatia organizované...
Saved in:
| Main Author: | |
|---|---|
| Format: | Book Chapter |
| Language: | Slovak |
| Subjects: | |
| Tags: |
No Tags, Be the first to tag this record!
|
MARC
| LEADER | 00000naa a2200000 4500 | ||
|---|---|---|---|
| 001 | r018402 | ||
| 005 | 20221205102652.3 | ||
| 041 | 0 | |a slo | |
| 044 | |a SK | ||
| 245 | 1 | 0 | |a Obzretie sa za budúcnosťou vzdelávania ekonómov |b Ústav s kapacitou univerzity: za 5 rokov vyše 5000 absolventov |c Ivan Polakovič |
| 520 | |a Hodnotenie činnosti Ústavu ďalšieho vzdelávania ekonómov za obdobie 5 rov od jeho založenia. Základné druhy vzdelávacích aktivít v oblasti ekonomického a manažérskeho vzdelávania. Organizovanie troch druhov základných aktivít. Organizovanie rekvalifikačných kurzov. Vzdelávacie podujatia organizované na komerčnom základe. Využitie finančného prínosu na ďalšie skvalitňovanie výučby na Ekonomickej univerzite v Bratislave. | ||
| 610 | 2 | 0 | |a Ekonomická univerzita v Bratislave |
| 610 | 2 | 0 | |a 1990-1995 |
| 610 | 2 | 0 | |a vzdelávanie permanentné |
| 610 | 2 | 0 | |a vzdelanie ekonomické |
| 610 | 2 | 0 | |a manažéri |
| 610 | 2 | 0 | |a ekonómovia |
| 610 | 2 | 0 | |a absolventi |
| 610 | 2 | 0 | |a kurzy |
| 610 | 2 | 0 | |a rekvalifikácia |
| 100 | 1 | |a Polakovič, Ivan | |